Najpopularniejsi raperzy w tym tygodniu . 23-29.07 - Statystyki

Ogólne statystyki
  • Ten quiz został rozwiązany 393 razy
  • Średni wynik to 8 z 15
Statystyki odpowiedzi
Miejsce w poprzednim tygodniu Wyświetlenia Utwór % Poprawnych
#4 6.06M Mata
91%
#13 3.00M Bedoes
87%
#3 6.21M White 2115
81%
#1 10.50M Kizo
65%
#7 3.09M Żabson
64%
#20 2.80M Malik Montana
59%
#10 2.42M Quebonafide
56%
#9 2.58M Oki
54%
#2 7.16M Sobel
52%
#6 3.32M Young Igi
52%
#15 2.49M Reto
46%
#17 2.43M Szpaku
34%
#12 2.57M Otsochodzi
30%
#5 3.89M Tymek
28%
#8 3.13M Paluch
26%
Nie znaleziono quizów pasujących do podanych kryteriów
Rozkład punktacji
Procent ludzi z każdym wynikiem
Percentyl według liczby udzielonych odpowiedzi
Twoja historia wyników
Nie rozwiązałeś tego quizu